000 01181cam a22003375i 4500
999 _c27108
_d27080
001 14809972
003 OSt
005 20190211103234.0
008 070416s2008 nyuab frb 001 0 eng d
020 _a9780321482037 (v. 2)
020 _a0321482034 (v. 2)
035 _a(OCoLC)ocn123390941
035 _a(OCoLC)123390941
040 _aDLC
_cDLC
_dDLC
_dEG-ScBUE
_beng
043 _an-us---
082 0 4 _a973
_222
_bCON
245 0 0 _aConstructing the American past :
_ba source book of a people's history,
_hvol.2 /
_c[edited by] Elliott J. Gorn, Randy Roberts, Terry D. Bilhartz.
250 _a6th ed.
264 1 _aNew York :
_bPearson Education Inc.,
_cc.2008.
300 _axvii, 346 pages :
_billustrations, maps ;
_c24 cm.
336 _2rdacontent
_atxt
337 _2rdamedia
_aunmediated
338 _2rdacarrier
_avolume
504 _aIncludes bibliographical references and indexes.
651 7 _aUnited States
_xHistory
_vSources.
_2BUEsh
_941972
653 _bGGEN
_cFebruary2019
700 1 _aGorn, Elliott J.,
_d1951-
_eeditor.
_941973
700 1 _aRoberts, Randy,
_d1951-
_eeditor.
_941974
700 1 _aBilhartz, Terry D.
_eeditor.
_941975
942 _2ddc
_cBB